01197nam a2200253 a 450000100100000000500170001000800410002702000150006804000250008310000410010824500790014926000940022830000270032249000220034950400550037150000680042650400270049471000550052183000290057695201050060595201050071095201110081599900170092600004039120201002034113.0130823s2002 mx 000 0 spa d a9683690299 aDO-SdBNPbspacBNPHU1 aRíos Estavillo, Juan José96669410aDerechos de las trabajadores domésticos /cJuan José Ríos Estavillo. aMéxico :bUniversidad Nacional Autónoma de México :bCámara de Diputados;,c2002. a53 p. :bil. ;c22 cm.1 aNuestros derechos aPrimera reimpresión de la segunda edición 2002 aIncluye datos biográficos de los autores en la contracubierta aBibliografía : p. 532 aUniversidad Nacional Autónoma de México942447 0aNuestros derechos966667 001050718MOaGRbGRcCTd2013-08-23iLF1l0o p40391-10r2020-06-25w2020-06-25y1ZNo se presta 001050718MOaGRbGRcCTd2013-08-23iLF1l0o p40391-20r2020-06-25w2020-06-25y1ZNo se presta 001050718MOaGRbGRcCTd2013-08-23iLF1l0o p40391-30r2020-06-25te. 2w2020-06-25y1ZNo se presta c39881d39881